| 000 | 00413nam a22001457a 4500 | ||
|---|---|---|---|
| 005 | 20250324091919.0 | ||
| 008 | 250324b |||||||| |||| 00| 0 eng d | ||
| 020 | _a9788122430776 | ||
| 050 |
_aHD2326 _bBAR |
||
| 100 | _aBarthwal, R. R. | ||
| 245 |
_aIndustrial economics; _ban introductory textbook |
||
| 260 |
_aNew Delhi _bNew Age International Ltd. Publishers _cc2010 |
||
| 300 | _axii,419p | ||
| 942 |
_2lcc _cBK _n0 |
||
| 999 |
_c5110 _d5110 |
||